Countries from 'N' by Desserts - Statistics

General Stats
  • This quiz has been taken 10 times
  • The average score is 8 of 11
Answer Stats
Picture Answer % Correct
Norway
100%
Netherlands
89%
North Korea
89%
Namibia
78%
Nauru
67%
Nicaragua
67%
Niger
67%
Nigeria
67%
North Macedonia
67%
Nepal
56%
New Zealand
56%
No matching quizzes found
Score Distribution
Percent of People with Each Score
Percentile by Number Answered
Your Score History
You have not taken this quiz